Программы и методы испытания сельскохозяйственных машин и орудий. Вып. 3: [О поступательном движении бумажной ленты в самопишущих динамометрах, вызываемом ведущим колесом (Запись № 6343989)

Подробности
000 -МАРКЕР
контрольное поле 03908nam2a22004211 4500
001 - ИДЕНТИФИКАТОР ЗАПИСИ
контрольное поле v19\rc\1907745
005 - ИДЕНТИФИКАТОР ВЕРСИИ
контрольное поле 20251118180543.0
035 ## - ДРУГИЕ СИСТЕМНЫЕ НОМЕРА
Идентификатор записи (NLR Aleph) 004996769
100 ## - ДАННЫЕ ОБЩЕЙ ОБРАБОТКИ
Данные общей обработки 20080404d1914 u y0rusy50 ca
101 1# - ЯЗЫК РЕСУРСА
Язык текста, звукозаписи и т.д. русский
Язык оригинала немецкий
102 ## - СТРАНА ПУБЛИКАЦИИ ИЛИ ПРОИЗВОДСТВА
Страна публикации российская федерация
105 ## - ПОЛЕ КОДИРОВАННЫХ ДАННЫХ: ТЕКСТОВЫЕ МАТЕРИАЛЫ, МОНОГРАФИЧЕСКИЕ
Кодированные данные о монографическом текстовом документе a b |||||
200 1# - ЗАГЛАВИЕ И СВЕДЕНИЯ ОБ ОТВЕТСТВЕННОСТИ
Основное заглавие [О поступательном движении бумажной ленты в самопишущих динамометрах, вызываемом ведущим колесом
Первые сведения об ответственности [Соч.] инж. Р. Бернштейна
Последующие сведения об ответственности Пер. Г.И. Гейзе
210 ## - ПУБЛИКАЦИЯ, РАСПРОСТРАНЕНИЕ И ДР.
Дата издания, распространения и т.д. 1914
215 ## - ФИЗИЧЕСКАЯ ХАРАКТЕРИСТИКА
Специфическое обозначение материала и объем [4], 194 с., 1 л. табл.
Другие сведения о физической характеристике черт.
423 #0 - ИЗДАЕТСЯ В ОДНОЙ ОБЛОЖКЕ ВМЕСТЕ С ...
Встроенное поле 1011#$arus$cita
-- 2001#$aИтальянский Динамометр "Federazione"$fПо пер. итал. наставления, сдел. В.С. Пушницким$gСост. В. Дудниковым [и др.]
-- 53213$aИтальянский Динамометр Federazione
-- 700#1$aДудников$bВ.$4220
Заглавие Итальянский Динамометр "Federazione"
Автор Дудников, В.
423 #0 - ИЗДАЕТСЯ В ОДНОЙ ОБЛОЖКЕ ВМЕСТЕ С ...
Встроенное поле 1010#$arus
-- 2001#$aАппарат для практически-точного испытания пружин и механизма индикатора$f[Соч.] инж.-мех. Карташова
-- 700#1$aКарташов
Заглавие Аппарат для практически-точного испытания пружин и механизма индикатора
Автор Карташов
423 #0 - ИЗДАЕТСЯ В ОДНОЙ ОБЛОЖКЕ ВМЕСТЕ С ...
Встроенное поле 1010#$arus
-- 2001#$aМикро-индикатор для быстроходных машин$f[Соч.] Инж. О. Мадера
-- 700#1$aМадер$bО.
Заглавие Микро-индикатор для быстроходных машин
Автор Мадер, О.
423 #0 - ИЗДАЕТСЯ В ОДНОЙ ОБЛОЖКЕ ВМЕСТЕ С ...
Встроенное поле 1010#$arus
-- 2001#$aКонструкция и расчет канатных тормозов$f[Соч.] Ю. Смальвуде
-- 700#1$aСмальвуд$bЮ.
Заглавие Конструкция и расчет канатных тормозов
Автор Смальвуд, Ю.
423 #0 - ИЗДАЕТСЯ В ОДНОЙ ОБЛОЖКЕ ВМЕСТЕ С ...
Встроенное поле 1011#$arus$cger
-- 2001#$aОпределение силы тяги почво-обрабатывающих орудий$f[Соч.] Бенно Мартини$gПер. Г. Гейзе и Е. Тарасова
-- 700#1$aМартини$bБ.
Заглавие Определение силы тяги почво-обрабатывающих орудий
Автор Мартини, Б.
423 #0 - ИЗДАЕТСЯ В ОДНОЙ ОБЛОЖКЕ ВМЕСТЕ С ...
Встроенное поле 1011#$arus$cger
-- 2001#$aПроблемы экспериментальной механики моторных плугов$f[Соч.] Инж. Р. Бернштейна$gПер. А. Трейвос
-- 700#1$aБернштейн
Заглавие Проблемы экспериментальной механики моторных плугов
Автор Бернштейн
461 #0 - УРОВЕНЬ НАБОРА
Встроенное поле 001v19\rc\1907742
-- 2001#$aПрограммы и методы испытания сельскохозяйственных машин и орудий$eВып. 1-3$fБюро по с.-х. механике при Учен. ком. Г.У.З. и З.$vВып. 3
Системный номер (АБИС) связанной записи 6343960
Место публикации Санкт-Петербург
Дата публикации 1911-1914
Первые сведения об ответственности Бюро по с.-х. механике при Учен. ком. Г.У.З. и З.
Сведения, относящиеся к заглавию Вып. 1-3
Физическая характеристика 3 т.
Заглавие Программы и методы испытания сельскохозяйственных машин и орудий
Номер тома Вып. 3
540 1# - ДОПОЛНИТЕЛЬНОЕ ЗАГЛАВИЕ, ПРИМЕНЯЕМОЕ КАТАЛОГИЗАТОРОМ
Заглавие О поступательном движении бумажной ленты в самопишущих динамометрах, вызываемом ведущим колесом
700 #1 - ИМЯ ЛИЦА - ПЕРВИЧНАЯ ОТВЕТСТВЕННОСТЬ
Начальный элемент ввода Бернштейн
702 #1 - ИМЯ ЛИЦА - ВТОРИЧНАЯ ОТВЕТСТВЕННОСТЬ
Начальный элемент ввода Гейзе
Часть имени, кроме начального элемента ввода Г.И.
Код отношения Переводчик
702 #1 - ИМЯ ЛИЦА - ВТОРИЧНАЯ ОТВЕТСТВЕННОСТЬ
Начальный элемент ввода Пушницкий
Часть имени, кроме начального элемента ввода В.С.
Код отношения Переводчик
702 #1 - ИМЯ ЛИЦА - ВТОРИЧНАЯ ОТВЕТСТВЕННОСТЬ
Начальный элемент ввода Тарасова
Часть имени, кроме начального элемента ввода Е.
Код отношения Переводчик
702 #1 - ИМЯ ЛИЦА - ВТОРИЧНАЯ ОТВЕТСТВЕННОСТЬ
Начальный элемент ввода Трейвос
Код отношения Переводчик
801 #0 - ИСТОЧНИК ЗАПИСИ
Страна российская федерация
Организация NLR
Правила каталогизации psbo
801 #0 - ИСТОЧНИК ЗАПИСИ
Страна российская федерация
Организация RuMoRGB
Источник данных psbo
801 #1 - ИСТОЧНИК ЗАПИСИ
Страна российская федерация
Организация ProSoft-M
Источник данных rusmarc
852 ## - МЕСТОНАХОЖДЕНИЕ И ШИФР ХРАНЕНИЯ
Идентификатор организации NLR
Шифр хранения (Call Number) 37.39.4.39(3)
899 ## - ДАННЫЕ О МЕСТОНАХОЖДЕНИИ (устаревшее)
Местонахождение RuMoRGB
Шифр хранения V 58/310
899 ## - ДАННЫЕ О МЕСТОНАХОЖДЕНИИ (устаревшее)
Местонахождение RuMoRGB
Шифр хранения V 200/606
899 ## - ДАННЫЕ О МЕСТОНАХОЖДЕНИИ (устаревшее)
Местонахождение БАН
942 ## - ДОПОЛНИТЕЛЬНЫЕ ЭЛЕМЕНТЫ ЗАПИСИ (АБИС)
Тип экземпляра АБИС Книга
980 ## - КОЛЛЕКЦИЯ
Название коллекции Национальная библиография
Экземпляры
Тип экземпляра Дата поступления Библиотека постоянного хранения Библиотека текущего хранения Место хранения Шифр хранения Штрих-код Статус не для выдачи
Книга 26.10.2013 РНБ (Московский) РНБ (Московский) Неопределен, для заказа не доступен, в ЭК виден   4996769-40  
Книга 26.10.2013 РНБ (Садовая) РНБ (Садовая) Русский книжный фонд -Главное здание, Ленинский читальный зал 37.39.4.39(3) 4996769-10